[Event "TCh-HUN 2012-13"]
[Site "Szombathely HUN"]
[Date "2013.01.27"]
[Round "6"]
[White "Antal,T"]
[Black "Lakos,N"]
[Result "1/2-1/2"]
[WhiteElo "2333"]
[BlackElo "2290"]

1.e4 d6 2.d4 Nf6 3.Nc3 e5 4.dxe5 dxe5 5.Qxd8+ Kxd8 6.Bg5 c6 7.O-O-O+ Ke8
8.f4 h6 9.Bxf6 gxf6 10.f5 Nd7 11.g4 a6 12.Nf3 b5 13.h4 Rg8 14.Bh3 Nc5 15.Rhe1 a5
16.g5 hxg5 17.hxg5 Nd7 18.gxf6 Rg3 19.Ng1 Nxf6 20.Rd3 Rxd3 21.cxd3 Ba6 22.Kc2 Rd8
23.Nce2 b4 24.Rd1 c5 25.Nf3 Bd6 26.Nd2 Bc7 27.Nc1 Ke7 28.Rg1 a4 29.Bf1 Rh8
30.b3 a3 31.Rg2 Rh1 32.Be2 Rh8 33.Bf3 Rg8 34.Rxg8 Nxg8 35.Nc4  1/2-1/2

[Event "Asian Zone 3.3"]
[Site "Tagaytay City PHI"]
[Date "2013.01.27"]
[Round "7.6"]
[White "Gomez,Joh"]
[Black "Tran Tuan Minh"]
[Result "1-0"]
[WhiteElo "2520"]
[BlackElo "2306"]

1.e4 d6 2.d4 Nf6 3.Nc3 Nbd7 4.g3 e5 5.Nge2 c6 6.Bg2 Be7 7.O-O O-O 8.h3 b5
9.a3 Bb7 10.g4 a6 11.f4 c5 12.dxe5 dxe5 13.g5 Ne8 14.Nd5 exf4 15.Nxe7+ Qxe7
16.Nxf4 Rd8 17.Nd5 Qe6 18.Qf3 Nd6 19.Bf4 Ne5 20.Qg3 Ng6 21.Bxd6 Qxd6 22.Kh2 Rd7
23.a4 b4 24.c3 a5 25.cxb4 axb4 26.Rfc1 Ne5 27.a5 Bxd5 28.exd5 f5 29.gxf6 Rxf6
30.Kh1 Rg6 31.Qh2 Nd3 32.Qxd6 Rdxd6 33.Rc2 Rgf6 34.Bf1 Rxd5 35.a6 Rf8 36.a7 Ra8
37.Bg2 Rdd8 38.b3 Ne1 39.Bxa8  1-0

[Event "11th Gibraltar Masters"]
[Site "Caleta ENG"]
[Date "2013.01.28"]
[Round "7.38"]
[White "Roser,K"]
[Black "Chapman,T"]
[Result "1/2-1/2"]
[WhiteElo "2409"]
[BlackElo "2292"]

1.e4 d6 2.d4 Nf6 3.Nc3 e5 4.Nf3 Nbd7 5.Bc4 Be7 6.O-O O-O 7.Re1 c6 8.a4 h6
9.h3 Re8 10.a5 Rb8 11.d5 b5 12.axb6 Nxb6 13.Bb3 cxd5 14.exd5 a6 15.Nd2 Qc7
16.Nf1 Nfd7 17.Ng3 Nc5 18.Ba2 Qd7 19.Be3 Nca4 20.Nxa4 Qxa4 21.Qd3 Bf8 22.c3 f5
23.Bxb6 Rxb6 24.Nxf5 e4 25.Qd4 Qxd4 26.Nxd4 Rxb2 27.Bb1 e3 28.fxe3 Re5 29.Nf3 Re7
30.Bd3 Rb3 31.Bxa6 Rxc3 32.Bxc8 Rxc8 33.Nd4 Re5 34.e4 Rc4 35.Rad1 h5 36.h4 g5
37.hxg5 Rxg5 38.Nf3 Rg6 39.Rc1 Ra4 40.Re2 Bh6 41.Rc8+ Kh7 42.e5 Ra1+ 43.Kf2 dxe5
44.Nxe5 Rf6+ 45.Nf3 Ra7 46.Rc6 Rff7 47.Rce6 h4 48.d6 Bf4 49.Nxh4 Bxd6+ 50.Nf3 Bf4
51.g3 Bb8 52.R6e3 Rg7 53.Nh4 Bxg3+ 54.Rxg3 Rxg3 55.Kxg3 Kg7 56.Kf4 Kf6 57.Re4 Re7
58.Rd4 Re6 59.Nf5 Ra6 60.Ng3 Ke6 61.Ne4 Rc6 62.Rd8 Rb6 63.Nc5+ Ke7 64.Rd5 Rb1
65.Rd7+ Kf6 66.Rd6+ Ke7 67.Re6+ Kf7 68.Rc6 Rf1+ 69.Ke5 Re1+ 70.Ne4 Re3 71.Rc7+ Kg6
72.Kf4 Ra3 73.Re7 Ra5 74.Re8 Kf7 75.Nd6+ Kf6 76.Re4 Ra1 77.Ne8+ Kf7 78.Nc7 Ra5
79.Rd4 Ke7 80.Nd5+ Ke6 81.Ke4 Ra1 82.Nf4+ Kf6 83.Rd6+ Ke7 84.Rh6 Re1+ 85.Kf5 Rf1
86.Re6+ Kd7  1/2-1/2

[Event "11th Gibraltar Masters"]
[Site "Caleta ENG"]
[Date "2013.01.28"]
[Round "7.74"]
[White "Bergstrom,R"]
[Black "Skutta,B"]
[Result "1-0"]
[WhiteElo "2286"]
[BlackElo "2048"]

1.e4 d6 2.d4 Nf6 3.Nc3 e5 4.Nf3 Nbd7 5.Bc4 Be7 6.O-O O-O 7.Re1 c6 8.a4 a5
9.b3 Nb6 10.Bf1 exd4 11.Nxd4 d5 12.e5 Ne4 13.Nxe4 dxe4 14.Bb2 f5 15.exf6 Bxf6
16.c3 c5 17.Nb5 Bf5 18.Nd6 Be6 19.Bb5 Kh8 20.Nxe4 Qxd1 21.Rexd1 Bxb3 22.Re1 Nc4
23.Bc1 Rac8 24.Nxf6 Rxf6 25.Bg5 Rf7 26.Reb1 Bc2 27.Bxc4 Rf5 28.Be6 Bxb1 29.Bxc8 Rxg5
30.Rxb1  1-0

[Event "18th HIT Open A 2013"]
[Site "Nova Gorica SLO"]
[Date "2013.01.28"]
[Round "6.8"]
[White "Mestek,I"]
[Black "Philosoph,A"]
[Result "1-0"]
[WhiteElo "2186"]
[BlackElo "2005"]

1.e4 d6 2.d4 Nf6 3.Nc3 e5 4.Nf3 Nbd7 5.g4 Nxg4 6.Rg1 Ngf6 7.Be3 c6 8.Qd3 Qa5
9.O-O-O b5 10.a3 Rb8 11.Nd2 Ba6 12.Ncb1 c5 13.dxc5 Nxc5 14.Bxc5 dxc5 15.Rg5 Qc7
16.Nf3 Nd7 17.Bh3 Rd8 18.Nxe5 Be7 19.Bxd7+ Rxd7 20.Qxd7+ Qxd7 21.Rxd7 Bxg5+
22.Kd1 O-O 23.Rxa7 Bc8 24.Nc3 Rd8+ 25.Nd5 Be6 26.Nc6 Bg4+ 27.Ke1 Re8 28.Ne5 h5
29.Nxg4 hxg4 30.Rb7 Rxe4+ 31.Kf1 Rd4 32.Ne3 Rd2 33.Nxg4 Rxc2 34.Rxb5 Bc1
35.Ne3 Rxb2 36.Rxb2 Bxb2 37.Nc4 Bc3 38.a4 f5 39.a5 Bxa5 40.Nxa5 Kf7 41.Nb7 Ke6
42.Nxc5+ Kd5 43.Nd3 g5 44.Ke2 Ke4 45.h3 g4 46.hxg4 fxg4 47.Ne1 Kd4 48.Kf1 Kc3
49.Kg2 Kd2 50.Nc2 Kxc2 51.Kg3 Kd3 52.Kxg4 Ke4 53.f4 Kd5 54.Kf5 Kd6 55.Kf6 Kd7
56.f5 Ke8 57.Kg7  1-0

[Event "18th HIT Open A 2013"]
[Site "Nova Gorica SLO"]
[Date "2013.01.28"]
[Round "6.21"]
[White "Markocic,Tine"]
[Black "Zamar Kodelja,Jurij"]
[Result "0-1"]
[WhiteElo "1792"]
[BlackElo "1783"]

1.e4 d6 2.d4 Nf6 3.Nc3 Nbd7 4.f4 c5 5.Nf3 g6 6.Bc4 Bg7 7.O-O cxd4 8.Nxd4 O-O
9.Be3 Nc5 10.Bd3 Ng4 11.Qd2 Nxe3 12.Qxe3 Nxd3 13.cxd3 Qb6 14.e5 dxe5 15.fxe5 Rd8
16.Nce2 Bg4 17.Qf2 Bxe2 18.Nxe2 Qxf2+ 19.Rxf2 Bxe5 20.Raf1 Bxb2 21.Rxf7 Bf6  0-1

[Event "13th ch-CRO 2013"]
[Site "Plitvicka Jezera CRO"]
[Date "2013.01.28"]
[Round "8.3"]
[White "Saric,Iv"]
[Black "Jovanovic,Zo CRO"]
[Result "1/2-1/2"]
[WhiteElo "2614"]
[BlackElo "2508"]

1.e4 d6 2.d4 Nf6 3.Nc3 e5 4.Nf3 Nbd7 5.Bc4 Be7 6.O-O O-O 7.a4 a6 8.h3 b6
9.Qe2 Bb7 10.Rd1 exd4 11.Rxd4 h6 12.Bf4 Re8 13.Ba2 Bf8 14.Qc4 Re6 15.Qf1 Re8
16.Qc4 Re6 17.Re1 Qc8 18.Qf1 Re8 19.e5 dxe5 20.Nxe5 Nxe5 21.Bxe5 Qf5 22.Bxf6 Qxf6
23.Rxe8 Rxe8 24.Rd7  1/2-1/2

[Event "11th Gibraltar Masters"]
[Site "Caleta ENG"]
[Date "2013.01.29"]
[Round "8.61"]
[White "Jameson,D"]
[Black "Bergstrom,R"]
[Result "0-1"]
[WhiteElo "2143"]
[BlackElo "2286"]

1.e4 d6 2.d4 Nf6 3.Nc3 e5 4.Nf3 Nbd7 5.Bc4 Be7 6.O-O O-O 7.Re1 c6 8.a4 Re8
9.Ng5 Rf8 10.Nf3 h6 11.h3 Re8 12.Be3 Qc7 13.a5 Nf8 14.Qd3 Ng6 15.Bb3 exd4
16.Bxd4 Ne5 17.Qe2 Nfd7 18.Red1 Bf6 19.Qe3 Nc5 20.Nxe5 Nxb3 21.cxb3 Bg5 22.f4 dxe5
23.fxg5 exd4 24.Rxd4 hxg5 25.Qxg5 f6 26.Qd2 Be6 27.b4 b6 28.Kh1 Rab8 29.Na4 Qe5
30.Nc3 c5 31.bxc5 bxc5 32.Rd3 c4 33.Re3 Red8 34.Qe2 Rd7 35.Rd1 Rxd1+ 36.Qxd1 Qxa5
37.Qd6 Qb6 38.Qxb6 Rxb6 39.Re2 Kf7 40.Kg1 Ke7 41.Kf2 Kd6 42.Ke3 Ke5 43.Rd2 Rb3
44.Kf2 a5 45.Ke2 Rb8 46.Kf3 g5 47.Ke3 Rb7 48.Kf2 Rb3 49.Ke2 Rb8 50.Ke3 Rb7
51.Kf2 Kf4 52.Ke2 Bf7 53.Kf2 Be6 54.Ke2 g4 55.hxg4 Bxg4+ 56.Kf2 Be6 57.g3+ Ke5
58.Ke3 Rg7 59.Kf2 Ra7 60.Ke3 Rb7 61.Kf3 Ra7 62.Nb5 Rd7 63.Rxd7 Bxd7 64.Na3 Kd4
65.Kf4 c3 66.bxc3+ Kxc3 67.e5 fxe5+ 68.Kxe5 Kb3 69.Nb1 Kb2 70.Nd2 Bb5 71.g4 a4
72.g5 Kc2 73.Nf3 Bc4 74.Nd4+ Kd3 75.Ne6 Bxe6 76.Kxe6 a3  0-1

[Event "18th HIT Open A 2013"]
[Site "Nova Gorica SLO"]
[Date "2013.01.29"]
[Round "7.23"]
[White "Markocic,Tine"]
[Black "Drobnic,Milan"]
[Result "1/2-1/2"]
[WhiteElo "1792"]
[BlackElo "1733"]

1.e4 d6 2.d4 Nf6 3.Nc3 Nbd7 4.Nf3 e5 5.Bc4 Be7 6.O-O O-O 7.Qe2 c6 8.a4 Qc7
9.Bg5 Nb6 10.dxe5 dxe5 11.Bb3 Bg4 12.h3 Bh5 13.Qe3 Nbd7 14.Nh4 Bc5 15.Qg3 Kh8
16.Nf5 Bg6 17.Qf3  1/2-1/2

[Event "11th Gibraltar Masters"]
[Site "Caleta ENG"]
[Date "2013.01.30"]
[Round "9.62"]
[White "Osuna Vega,E"]
[Black "Chapman,T"]
[Result "1/2-1/2"]
[WhiteElo "2157"]
[BlackElo "2292"]

1.e4 d6 2.d4 Nf6 3.Nc3 c6 4.Be3 Qb6 5.Rb1 Ng4 6.Bg5 e5 7.Nf3 Nd7 8.h3 Ngf6
9.Be2 Be7 10.O-O O-O 11.Bc4 Re8 12.Re1 Qc7 13.a4 a6 14.Ra1 b6 15.Ba2 Rb8
16.Qe2 b5 17.d5 b4 18.dxc6 bxc3 19.cxd7 Nxd7 20.bxc3 Nc5 21.Bd5 Ne6 22.Bd2 a5
23.c4 Bd7 24.Qd3 Nc5 25.Qc3 Rb4 26.Qe3 Rxa4 27.Rxa4 Bxa4 28.Ra1 Rb8 29.Qc3 Bd8
30.Ne1 Qa7 31.Be3 Be8 32.Nd3 a4 33.Nxc5 dxc5 34.Qa3 Be7 35.Kh2 h6 36.Rd1 Qb6
37.Ra1 Kh7 38.Bd2 Qb2 39.Bc3 Qxa3 40.Rxa3 Bd6 41.Ra2 Kg8 42.Kg3 Kf8 43.Kf3 Ke7
44.Ke2 g6 45.Rb2 Rxb2 46.Bxb2 Bc7 47.Bb7 Kd6 48.Ba6 Bc6 49.Kd3 Ba5 50.Bb5 f6
51.Bxc6 Kxc6 52.c3 Bd8 53.Bc1 h5 54.Bh6 Be7 55.Kc2 g5 56.g4 hxg4 57.hxg4 Kd7
58.Kb2 Ke8 59.Ka3 Kf7 60.Bxg5 fxg5 61.Kxa4 Ke6 62.Kb3 Kd7 63.Ka3 Kc6 64.Kb3 Bd8
65.Ka3 Ba5 66.Kb3 Kb6 67.Kb2 Kb7 68.Kc2 Kc6 69.Kb3 Kb6 70.Kb2  1/2-1/2

[Event "11th Gibraltar Masters"]
[Site "Caleta ENG"]
[Date "2013.01.30"]
[Round "9.64"]
[White "Burrows,M"]
[Black "Amato,A"]
[Result "0-1"]
[WhiteElo "2153"]
[BlackElo "2259"]

1.e4 d6 2.d4 Nf6 3.Nc3 e5 4.Nf3 Nbd7 5.Bc4 Be7 6.O-O O-O 7.Re1 c6 8.a4 a5
9.Ba2 exd4 10.Nxd4 Nc5 11.Qf3 Ng4 12.Nf5 Ne5 13.Nxe7+ Qxe7 14.Qg3 Be6 15.Bg5 f6
16.Bxe6+ Qxe6 17.Bf4 Rad8 18.b3 Rd7 19.Rad1 Nf7 20.Re2 f5 21.exf5 Qxf5 22.Rde1 d5
23.Bc7 d4 24.Ne4 Ne6 25.Bxa5 Nf4 26.Rd2 Nh5 27.Qh3 Qxh3 28.gxh3 Ne5 29.Ng5 Rf5
30.h4 Rd5 31.Rxe5 Rdxe5 32.Bc7 Re1+ 33.Kg2 Nf4+ 34.Bxf4 Rxf4 35.Kg3 Rf8 36.Nf3 Re4
37.Ng5 Re1 38.Nf3 Rc1 39.Re2 d3 40.cxd3 Rc3 41.Ne5 Re8 42.Kf3 Rxb3 43.Re4 Rb1
44.h5 Re6 45.Kg4 Rg1+ 46.Kf3 Rg5 47.d4 Rxh5 48.h4 Rf5+ 49.Ke3 Rf8 50.f4 g6
51.a5 Ra8 52.Nc4 Kf7 53.Ne5+ Ke7 54.d5 cxd5 55.Rb4 Ra7 56.Kd4 Rea6  0-1

[Event "18th HIT Open A 2013"]
[Site "Nova Gorica SLO"]
[Date "2013.01.30"]
[Round "8.14"]
[White "Pirs,M2"]
[Black "Zamar Kodelja,Jurij"]
[Result "1-0"]
[WhiteElo "2053"]
[BlackElo "1783"]

1.e4 d6 2.d4 Nf6 3.Nc3 Nbd7 4.f4 e5 5.fxe5 dxe5 6.dxe5 Nxe5 7.Qxd8+ Kxd8
8.Bg5 c6 9.O-O-O+ Kc7 10.Nf3 Nfd7 11.Bf4 Bd6 12.Kb1 f6 13.Nd4 Nc5 14.Ndb5+ cxb5
15.Nxb5+ Kb8 16.Nxd6 Bg4 17.Rd5 Ncd7 18.Nf5 Bxf5 19.exf5 Kc8 20.Bb5 a6 21.Bxd7+ Nxd7
22.Rhd1 Rd8 23.R1d3 b6 24.b4  1-0

[Event "18th HIT Open A 2013"]
[Site "Nova Gorica SLO"]
[Date "2013.01.30"]
[Round "9.11"]
[White "Bellia,F"]
[Black "Philosoph,A"]
[Result "1-0"]
[WhiteElo "2448"]
[BlackElo "2005"]

1.e4 d6 2.d4 Nf6 3.Nc3 e5 4.Nf3 Nbd7 5.Bc4 Be7 6.O-O O-O 7.Re1 c6 8.a4 a5
9.h3 Nb6 10.Bf1 exd4 11.Nxd4 d5 12.e5 Ne8 13.f4 g6 14.b3 Ng7 15.Ba3 Bxa3
16.Rxa3 Nd7 17.Ra1 Nc5 18.Qd2 Nf5 19.g4 Nxd4 20.Qxd4 Qb6 21.Kh2 Qb4 22.Qxb4 axb4
23.Na2 Ne6 24.Kg3 Nd4 25.Nxb4 c5 26.Red1 Be6 27.Rac1 Nxb3 28.cxb3 cxb4 29.Rd4 Rfc8
30.Rxc8+ Rxc8 31.Rxb4 Rc3+ 32.Kf2 d4 33.Rxd4 Rxb3 34.Bd3 Rb2+ 35.Ke1 Kg7
36.f5 gxf5 37.gxf5 Ba2 38.Rd7 Kh6 39.e6 fxe6 40.fxe6 Rb6 41.Rxh7+ Kg5 42.e7 Re6+
43.Kf2 Kf6 44.e8=Q Rxe8 45.Rxb7 Ra8 46.Rb4 Ke5 47.Ke3 Rh8 48.h4 Kd6 49.a5 Kc5
50.Rb5+ Kc6 51.h5 Bf7 52.h6 Kd6 53.h7 Bd5 54.Kd4 Bf3 55.Rg5  1-0

[Event "18th HIT Open A 2013"]
[Site "Nova Gorica SLO"]
[Date "2013.01.30"]
[Round "9.26"]
[White "Jelen,Miha"]
[Black "Drobnic,Milan"]
[Result "0-1"]
[WhiteElo "1531"]
[BlackElo "1733"]

1.e4 d6 2.d4 Nf6 3.Nc3 Nbd7 4.Nf3 e5 5.Bc4 Be7 6.O-O O-O 7.b3 c6 8.a4 Qc7
9.Re1 b6 10.Bb2 Bb7 11.h3 a6 12.Qd2 b5 13.axb5 axb5 14.Bd3 Nh5 15.d5 b4 16.dxc6 bxc3
17.Qxc3 Qxc6 18.Qxc6 Bxc6 19.Rxa8 Rxa8 20.Ra1 Rxa1+  0-1

[Event "11th Gibraltar Masters"]
[Site "Caleta ENG"]
[Date "2013.01.31"]
[Round "10.85"]
[White "Herbold,M"]
[Black "Van Kemenade,R"]
[Result "1-0"]
[WhiteElo "2164"]
[BlackElo "2043"]

1.e4 d6 2.d4 Nf6 3.Nc3 c6 4.a4 e5 5.Nf3 Nbd7 6.Be2 Qc7 7.b3 Be7 8.Ba3 h6
9.O-O Nf8 10.dxe5 dxe5 11.Qc1 g5 12.Nd2 Ng6 13.Nc4 O-O 14.Rd1 Be6 15.Bxe7 Qxe7
16.Qa3 Qxa3 17.Rxa3 Bxc4 18.Bxc4 Rfd8 19.Raa1 Kf8 20.g3 Rd4 21.Bd3 Rad8 22.a5 Ke7
23.f3 Nf8 24.Kf2 Ne6 25.Ke3 Nc5 26.Ne2 R4d6 27.b4 Ne6 28.Rh1 Kf8 29.h4 Kg7
30.Rag1 Nd4 31.Nxd4 Rxd4 32.Rb1 Ng8 33.hxg5 hxg5 34.f4 f6 35.Rh5 Kg6 36.Rbh1 R8d7
37.Rh8 Rg7 38.c3 Rd8 39.Bc4 f5 40.exf5+ Kxf5 41.g4+ Kxg4 42.Be6+ Kg3 43.Rg1+  1-0

[Event "1st Maksym Yusupov Mem"]
[Site "Lviv UKR"]
[Date "2013.02.01"]
[Round "2.1"]
[White "Podolsky,A"]
[Black "Buturin,V"]
[Result "1/2-1/2"]
[WhiteElo "2269"]
[BlackElo "2218"]

1.e4 d6 2.d4 Nf6 3.Nc3 e5 4.dxe5 dxe5 5.Qxd8+ Kxd8 6.Bc4 Ke8 7.Nf3 Bd6 8.Bg5 Nbd7
9.O-O-O h6 10.Bh4 a6 11.a4 Rb8 12.h3 b6 13.g4 Bb7 14.Rhe1 g6 15.Nd5 Nxd5
16.Bxd5 f6 17.Ba2 Ke7 18.Bg3 Bc6 19.Nh4 Nf8 20.Bb3 Rh7 21.f3 Rg7 22.Bf2 Ne6
23.Be3 Rh8 24.Bc4 a5 25.b3 Ng5 26.Rh1 Be8 27.Kb2 h5  1/2-1/2

[Event "TCh-SWE Elite 2012-13"]
[Site "Sweden SWE"]
[Date "2013.02.01"]
[Round "6"]
[White "Fries Nielsen,JO"]
[Black "Eriksson,Jor"]
[Result "0-1"]
[WhiteElo "2365"]
[BlackElo "2213"]

1.d4 Nf6 2.Nc3 d6 3.e4 e5 4.Nf3 Nbd7 5.b3 Be7 6.g4 h6 7.Bb2 c6 8.Qe2 Qc7
9.a4 Nf8 10.h3 Ng6 11.O-O-O Be6 12.g5 Nh5 13.gxh6 Rxh6 14.d5 cxd5 15.Nxd5 Bxd5
16.Rxd5 Nhf4 17.Qb5+ Kf8 18.Rd2 a6 19.Qc4 Qxc4 20.Bxc4 Rxh3 21.Rxh3 Nxh3
22.Kb1 Nhf4 23.Ba3 Rd8 24.Bb4 Ke8 25.Ba5 Rc8 26.Bb6 Nf8 27.Be3 N8e6 28.Rd1 Kf8
29.Bf1 g6 30.Kb2 f5 31.exf5 gxf5 32.Bc4 e4 33.Nd4 Bf6 34.c3 Bxd4 35.Bxd4 d5
36.Rh1 Kf7 37.Bf1 Nxd4 38.cxd4 Kg6 39.Rg1+ Kf6 40.Rh1 Kg6 41.Rg1+ Kf6 42.Rh1 Rc7
43.a5 Kg5 44.Rg1+ Kh4 45.Rg3 Ne6 46.Rg6 Nxd4 47.Ka3 Rc1 48.Bxa6 bxa6 49.Rxa6 f4  0-1

[Event "Bundesliga 2012-13"]
[Site "Essen GER"]
[Date "2013.02.02"]
[Round "7"]
[White "Saltaev,M"]
[Black "Janoszka,A"]
[Result "1-0"]
[WhiteElo "2479"]
[BlackElo "2349"]

1.e4 d6 2.d4 Nf6 3.Nc3 Nbd7 4.f4 e5 5.Nf3 exd4 6.Qxd4 c6 7.Be3 d5 8.O-O-O Bc5
9.Qd2 Bxe3 10.Qxe3 Qe7 11.e5 Nc5 12.Nd4 O-O 13.Be2 Nfe4 14.Bf3 Nxc3 15.Qxc3 f5
16.exf6 Rxf6 17.Rhe1 Qf8 18.g3 Na4 19.Qa5 Nb6 20.b3 Rf7 21.Re5 Re7 22.Rde1 Rxe5
23.Rxe5 Bd7 24.Kb1 Qd6 25.h4 Kh8 26.Ne2 Kg8 27.Nc1 Be6 28.Qe1 Bd7 29.Nd3 Rf8
30.Qe3 Bf5 31.Nc5 d4 32.Qe2 Nd7 33.Nxb7 Qg6 34.Rxf5 Rxf5 35.Bg4 d3 36.cxd3 Rb5
37.h5 Qf6 38.Bxd7 Rxb7 39.Qe8+  1-0

[Event "1st Maksym Yusupov Mem"]
[Site "Lviv UKR"]
[Date "2013.02.02"]
[Round "4.2"]
[White "Buksa,N"]
[Black "Buturin,V"]
[Result "1/2-1/2"]
[WhiteElo "2147"]
[BlackElo "2218"]

1.e4 d6 2.d4 Nf6 3.Nc3 e5 4.Nf3 Nbd7 5.Bc4 Be7 6.O-O O-O 7.Re1 c6 8.a4 a5
9.h3 Nb6 10.Bf1 exd4 11.Nxd4 d5 12.e5 Ne8 13.Bf4 g6 14.Bh6 Ng7 15.f4 Re8
16.Bxg7 Kxg7 17.Kh2 Bd7 18.f5 Qc7 19.g3 Bc5 20.f6+ Kh8 21.Nf3 Be6 22.Qd2 Nd7
23.Qh6 Bf8 24.Qh4 Kg8 25.Rad1 h6 26.Rd4 Bf5 27.Bd3  1/2-1/2

[Event "ch-TUR 2013"]
[Site "Antalya TUR"]
[Date "2013.02.03"]
[Round "2.1"]
[White "Okur,K"]
[Black "Solak,D"]
[Result "0-1"]
[WhiteElo "1890"]
[BlackElo "2603"]

1.e4 d6 2.d4 Nf6 3.Nc3 e5 4.Nf3 Nbd7 5.Bc4 Be7 6.O-O O-O 7.Re1 c6 8.a4 a5
9.h3 exd4 10.Nxd4 Nc5 11.Qf3 Be6 12.Bf1 Ne8 13.Be3 Bg5 14.Rad1 Bxe3 15.Rxe3 Qg5
16.b3 Rd8 17.Nce2 d5 18.exd5 Bxd5 19.Qf5 Qxf5 20.Nxf5 Nf6 21.Rg3 g6 22.Ne7+ Kg7
23.Nxd5 Nxd5 24.Rd4 Rfe8 25.Rh4 Ne4 26.Rd3 f5 27.c4 Ndf6 28.Nf4 Nc5 29.Rxd8 Rxd8
30.Ne2 Nxb3 31.Rf4 Rd1 32.Ng3 Nd2  0-1

[Event "ch-TUR 2013"]
[Site "Antalya TUR"]
[Date "2013.02.03"]
[Round "3.34"]
[White "Ozer,Omer Faruk"]
[Black "Kayar,E"]
[Result "1-0"]
[WhiteElo "1802"]
[BlackElo "2087"]

1.e4 d6 2.d4 Nf6 3.Nc3 e5 4.Nf3 exd4 5.Nxd4 Be7 6.Be2 O-O 7.O-O Re8 8.Re1 Bf8
9.Bf1 Nbd7 10.f3 c6 11.Be3 Qc7 12.a4 b6 13.Qd2 h6 14.Rad1 Ne5 15.Qf2 Bd7
16.h3 Rad8 17.f4 Ng6 18.Bc1 c5 19.Ndb5 Qb8 20.Bc4 a6 21.Na3 b5 22.axb5 axb5
23.Naxb5 Nxe4 24.Nxe4 Bxb5 25.Bd5 Ne7 26.Nc3 Nxd5 27.Nxd5 Bc6 28.b3 Rxe1+
29.Qxe1 Qb7 30.Qd2 Bxd5 31.Qxd5 Qxd5 32.Rxd5 Ra8 33.Be3 Be7 34.c4 Ra1+ 35.Kf2 Rb1
36.Rd3 f5 37.g4 Kf7 38.Kf3 g6 39.Bf2 Ke6 40.Re3+ Kd7 41.Rd3 Ke6 42.Ke2 Bf6
43.Kf3 Rh1 44.Kg2 Rb1 45.Kf3 Rh1 46.Kg2 Rc1 47.Kf3 Rc3 48.Ke2 Rc2+ 49.Kf3 Rc3
50.Ke2 fxg4 51.hxg4 h5 52.f5+ gxf5 53.Rxc3 Bxc3 54.gxh5 f4 55.Kf3 Kf5 56.Bh4 Be5
57.Be7 Ke6 58.Bg5 d5 59.Bxf4 Bc3 60.Bc1 dxc4 61.bxc4 Ke5 62.Be3 Kf5 63.h6 Kg6
64.Ke4 Bf6 65.Kd5 Be7 66.Bxc5 Bg5 67.Bf8 Kf7 68.Bg7 Bf4 69.c5 Kg8 70.c6 Bc7
71.Be5 Ba5 72.c7 Bxc7 73.Bxc7 Kh7 74.Bf4 Kg6 75.Ke6 Kh7 76.Kf7 Kh8 77.Kg6  1-0

[Event "Asian Zonal 3.2 2013"]
[Site "Thulhiriya City PHI"]
[Date "2013.02.03"]
[Round "2.6"]
[White "Kalugampitiya,R"]
[Black "Hapuarachchi,H"]
[Result "1/2-1/2"]
[WhiteElo "2146"]
[BlackElo "2004"]

1.e4 d6 2.d4 Nf6 3.Nc3 e5 4.dxe5 dxe5 5.Qxd8+ Kxd8 6.Bg5 Be6 7.O-O-O+ Nd7
8.Nf3 Bd6 9.Nb5 Ke7 10.Nxd6 cxd6 11.Kb1 Nc5 12.Bd3 Rhd8 13.Rhe1 h6 14.Bxf6+ Kxf6
15.Nd2 Rac8 16.Nb3 Bxb3 17.axb3 Nxd3 18.Rxd3 Ke6 19.Red1 b5 20.f3 Rd7 21.Kc1 Rc5
22.Rd5 Rxd5 23.exd5+ Kf5 24.Kd2 Rc7 25.Kd3 b4 26.c4 Rc5 27.Ra1 a5 28.Re1 Rc7
29.Ra1 Rc5 30.Re1 Rc7 31.Ra1 Rc5  1/2-1/2

[Event "35th Georgi Tringov Open"]
[Site "Plovdiv BUL"]
[Date "2013.02.08"]
[Round "7.11"]
[White "Filev,G"]
[Black "Nevednichy,V"]
[Result "0-1"]
[WhiteElo "2352"]
[BlackElo "2542"]

1.e4 d6 2.d4 Nf6 3.Nc3 e5 4.Nf3 Nbd7 5.Bc4 Be7 6.O-O O-O 7.Re1 a6 8.a4 b6
9.Ne2 exd4 10.Nexd4 Bb7 11.Nf5 Nc5 12.e5 dxe5 13.Nxe5 Bd6 14.Bf4 Nce4 15.Nxd6 cxd6
16.Nf3 d5 17.Bd3 Ng4 18.Bxe4 dxe4 19.Ne5 Nxe5 20.Qxd8 Rfxd8 21.Bxe5 Rd2 22.Rac1 Rc8
23.Bc3 Rd6 24.Rcd1 Rcd8 25.Rxd6 Rxd6 26.f3 f5 27.Kf2 Kf7 28.Re2 exf3 29.gxf3 Rh6
30.Be5 g5 31.Rd2 Ke7 32.Kg3 f4+ 33.Kg4 Rg6 34.Rd3 Bc6 35.b3 Bd7+ 36.Kh5 Be8
37.Kg4 Rg8 38.Rd6 Bd7+ 39.Kh5 g4 40.Bxf4 gxf3 41.Rd2 Bg4+ 42.Kh4 Bf5 43.Bg3 Be4
44.c4 Rg6 45.Rd4 Bc2 46.b4 Bxa4 47.Re4+ Kd7 48.Rf4 Bc6 49.b5 axb5 50.cxb5 Bxb5
51.Rxf3 Bc4 52.Be1 b5 53.Rf5 Ke6 54.Rh5 Rg1 55.Ba5 Bd3 56.Rg5 Rh1 57.Kg3 Bf5
58.Rh5 Ra1 59.Bb4 Rg1+ 60.Kf3 Rg4 61.Bd2 Rd4 62.Ke2 b4 63.Rh6+ Bg6 64.Rh3 Bc2
65.Rh6+ Bg6 66.Rh3 Kd5 67.Rb3 Re4+ 68.Kd1 Kc5 69.Bc1 Kc4  0-1

[Event "35th Georgi Tringov Open"]
[Site "Plovdiv BUL"]
[Date "2013.02.08"]
[Round "7.12"]
[White "Nedev,Tr"]
[Black "Voiska,M"]
[Result "1-0"]
[WhiteElo "2505"]
[BlackElo "2291"]

1.e4 d6 2.d4 Nf6 3.Nc3 e5 4.Nf3 exd4 5.Nxd4 Be7 6.g3 Nc6 7.Bg2 Bg4 8.f3 Nxd4
9.Qxd4 Bd7 10.g4 O-O 11.Be3 Be6 12.g5 Nh5 13.f4 f6 14.f5 Bf7 15.g6 hxg6 16.O-O-O c6
17.fxg6 Bxg6 18.Rhg1 Qa5 19.Bf3 Bf7 20.Bh6 g6 21.e5 dxe5 22.Qd7 Ba3 23.Rxg6+ Kh8
24.Bxf8 Rxf8 25.Rh6+ Kg7 26.Rxh5  1-0

[Event "ch-TUR 2013"]
[Site "Antalya TUR"]
[Date "2013.02.09"]
[Round "11.5"]
[White "Haznedaroglu,K"]
[Black "Kinsiz,O"]
[Result "1/2-1/2"]
[WhiteElo "2439"]
[BlackElo "2196"]

1.e4 d6 2.d4 Nf6 3.Nc3 e5 4.Nf3 Nbd7 5.Bc4 Be7 6.O-O O-O 7.Re1 c6 8.a4 b6
9.d5 cxd5 10.Nxd5 Bb7 11.b3 Rc8 12.Ra2 Nxd5 13.Bxd5 Bxd5 14.Qxd5 Nc5 15.Be3 Qd7
16.a5 b5 17.a6 Qc6 18.Qxc6 Rxc6 19.Bxc5 Rxc5 20.Rd1 f5 21.exf5 Rxf5 22.Nd2 Rf4
23.Nf1 Kf7 24.Ne3 Ke6 25.c4 Rd4 26.Rb1 Bg5 27.b4 Rc8 28.cxb5 Bd8 29.Kf1 Rb8
30.Nc2 Rh4 31.g3 Rxh2 32.Kg1 Rh6 33.Na3 Rf6 34.Rc1 Bb6 35.Rc6 Bd4 36.Kg2 g5
37.Rd2 Kd7 38.Nc2 Rxb5 39.Nxd4 exd4 40.Rc4 d5 41.Rcxd4 Ke6 42.Re2+ Kf7 43.Ra2 Kg6
44.g4 Rbb6 45.Ra5 Rxa6 46.Rdxd5 h6 47.f3 Rfc6 48.Kg3 Kf6 49.Rf5+ Ke7 50.b5 Rxa5
51.bxc6 Ra6 52.Rc5 Kd8 53.c7+ Kc8 54.Kf2 Re6 55.Kf1 a5 56.Kf2 a4 57.Ra5 Kxc7
58.Rxa4 Kd7 59.Re4 Ra6 60.Re5 Ra3 61.Kg2 Ra2+ 62.Kg3 Ra3  1/2-1/2

[Event "TCh-FIN SM 2012-13"]
[Site "Joensuu FIN"]
[Date "2013.02.09"]
[Round "10.4"]
[White "Tuononen,J"]
[Black "Virtanen,A"]
[Result "0-1"]
[WhiteElo "2057"]
[BlackElo "2343"]

1.d4 Nf6 2.Nc3 d6 3.e4 e5 4.Nf3 Nbd7 5.Bc4 Be7 6.O-O O-O 7.h3 c6 8.a4 a5
9.Be3 exd4 10.Qxd4 Nc5 11.Rad1 Nfd7 12.e5 d5 13.Ba2 Ne6 14.Qg4 f5 15.Qh5 g6
16.Qh6 f4 17.Nxd5 cxd5 18.Bxd5 fxe3 19.Bxe6+ Kh8 20.Qxe3 Qc7 21.Nd4 Qxe5
22.Qd2 Nc5 23.Bxc8 Raxc8 24.Qxa5 Bd6 25.g3 Ra8 26.Qb5 Rxa4 27.b4 Ne4 28.Qxa4 Nxg3
29.Qa1 Kg8 30.Qa2+ Rf7 31.f4 Qe3+ 32.Rf2 Ne4 33.c3 Nxc3 34.Rd2 Nxa2  0-1

[Event "Novy Bor Open A 2013"]
[Site "Novy Bor CZE"]
[Date "2013.02.09"]
[Round "1"]
[White "Grela,K"]
[Black "Richterova,Julie"]
[Result "1-0"]
[WhiteElo "1971"]
[BlackElo "1443"]

1.e4 d6 2.d4 Nf6 3.Nc3 e5 4.Nf3 Bg4 5.dxe5 Bxf3 6.gxf3 dxe5 7.Qxd8+ Kxd8
8.Bg5 Be7 9.O-O-O+ Ke8 10.Bh3 Nfd7 11.Bxe7 Kxe7 12.Nd5+ Kd8 13.Rd2 c6 14.Rhd1 Nc5
15.Nb6+ Ke7 16.Nxa8 Nba6 17.Nc7 Nxc7 18.Rd7+ Nxd7 19.Rxd7+ Kf6 20.Rxc7 Rd8
21.Rxb7 Ra8 22.Rc7 a5 23.Rxc6+  1-0

[Event "TCh-LTU 2013"]
[Site "Taujenai LTU"]
[Date "2013.02.09"]
[Round "4.5"]
[White "Setkauskas,V"]
[Black "Armonaitis,S"]
[Result "1-0"]
[WhiteElo "2216"]
[BlackElo "2112"]

1.e4 d6 2.d4 Nf6 3.Nc3 e5 4.Nf3 Nbd7 5.Bc4 Be7 6.O-O O-O 7.Qe2 c6 8.a4 a5
9.Rd1 Qc7 10.h3 h6 11.Ba2 exd4 12.Nxd4 Nc5 13.Bf4 Qb6 14.Qf3 Be6 15.e5 dxe5
16.Bxe5 Nfd7 17.Bf4 Bxa2 18.Rxa2 Bf6 19.Nf5 Ne5 20.Qg3 Ng6 21.Rd6 Kh7 22.Nd5 Qa7
23.Nxf6+ gxf6 24.Qf3 Ne6 25.Qh5 Rh8 26.Rxe6 Kg8 27.Ne7+ Kg7 28.Be3 b6 29.Nf5+ Kg8
30.Rxf6 Re8 31.Rxg6+ fxg6 32.Qxg6+ Kf8 33.Bxh6+ Rxh6 34.Qxh6+  1-0

[Event "TCh-CZE Div1 Zapad 2012-13"]
[Site "Czech Republic CZE"]
[Date "2013.02.10"]
[Round "7.1"]
[White "Petr,Ma"]
[Black "Malaniuk,V"]
[Result "1/2-1/2"]
[WhiteElo "2521"]
[BlackElo "2527"]

1.e4 d6 2.d4 Nf6 3.Nc3 e5 4.Nf3 Nbd7 5.Bc4 Be7 6.O-O O-O 7.Re1 a6 8.a4 b6
9.b3 Bb7 10.Bb2 c6 11.Bd3 Re8 12.Ne2 Bf8 13.Ng3 g6 14.c4 Bg7 15.Qc2 exd4
16.Bxd4 Ne5 17.Nxe5 dxe5 18.Bc3 Nd7 19.a5 b5 20.b4 Nf8 21.Rad1 Qe7 22.Qb2 Ne6
23.Ne2 Rad8 24.c5 Qc7 25.Bc2 Rxd1 26.Rxd1 Rd8 27.Qa1 Bc8 28.Bb3 Rxd1+ 29.Qxd1 Nf8
30.f3 Be6 31.Bxe6 Nxe6 32.g3 Kf8 33.Kg2 Ke7 34.Qd2 Qd7 35.Nc1 Qxd2+ 36.Bxd2 f6
37.Nd3 Nd8 38.h4 Nf7 39.g4 Ke6 40.Kg3 Bh6 41.Bxh6 Nxh6 42.f4 exf4+ 43.Kxf4 Nf7
44.g5 Ne5 45.Ne1 Kf7 46.Nc2 Ke7 47.Nd4 Nd3+ 48.Ke3 Ne5 49.Kf4  1/2-1/2

[Event "TCh-CZE Div1 Vychod 2012-13"]
[Site "Czech Republic CZE"]
[Date "2013.02.10"]
[Round "7.2"]
[White "Kolosowski,M"]
[Black "Mudrak,J"]
[Result "1-0"]
[WhiteElo "2442"]
[BlackElo "2323"]

1.e4 d6 2.d4 Nf6 3.Nc3 e5 4.Nf3 exd4 5.Nxd4 Be7 6.Be2 O-O 7.O-O Re8 8.f4 Bf8
9.Bf3 a6 10.b3 Ra7 11.a4 c5 12.Nde2 Nc6 13.Bb2 Bg4 14.Bxg4 Nxg4 15.Nd5 b6
16.h3 Nh6 17.Ng3 Ne7 18.Nh5 Nxd5 19.Qxd5 Kh8 20.Rad1 Qh4 21.Qg5 Qxg5 22.fxg5 Ng8
23.Rxd6 h6 24.g6 fxg6 25.Rxg6 Kh7 26.Rxb6 c4 27.Kh1 cxb3 28.cxb3 Bc5 29.Rc6 Bb4
30.e5 a5 31.e6 Ne7 32.Rc4 Ng6 33.Bxg7 Rxe6 34.Bd4 Rb7 35.Rc8 Rd6 36.Nf6+  1-0